Étrangers résidant au Japon - Statistiques

Statistiques générales
  • Ce quiz a été pris 106 fois
  • Le résultat moyen est 6 sur 10
Statistiques - réponses
Hint Réponse % Correct
844 187 Chine
97%
64 842 États-Unis
95%
411 043 Corée du Sud
93%
600 348 Vietnam
74%
332 293 Philippines
63%
173 813 Indonésie
62%
67 277 Taiwan
60%
213 325 Brésil
43%
110 306 Myanmar
30%
206 898 Népal
23%
Aucun quiz correspondant
Distribution des résultats
% des personnes avec chaque résultat
Percentile par nombre de réponses
Votre historique - résultats
Vous n’avez pas pris ce quiz